[Event "XXXII Moglianoscacchi A"]
[Site "Mogliano Veneto ITA"]
[Date "2011.04.29"]
[Round "1"]
[White "Aleksic, Nenad"]
[Black "Pozzi, Massimo"]
[Result "1-0"]
[WhiteElo "2355"]
[BlackElo "2035"]
[PlyCount "70"]
[EventDate "2011.04.29"]

1. e4 e6 2. d4 d5 3. Nc3 Nf6 4. e5 Nfd7 5. Nf3 c5 6. dxc5 Bxc5 7. Bd3 Nc6 8.
Bf4 a6 9. O-O b5 10. a3 Bb7 11. Re1 Ne7 12. Bg3 Ng6 13. h4 Be7 14. h5 Nh4 15.
Nd4 g6 16. a4 b4 17. Nce2 Nc5 18. c3 Nxd3 19. Qxd3 Nf5 20. Bf4 Rc8 21. cxb4
Bxb4 22. Rec1 Be7 23. Qd2 Ng7 24. Rxc8 Qxc8 25. h6 Nf5 26. Bg5 Qd7 27. Bxe7
Qxe7 28. Rc1 O-O 29. Nxf5 exf5 30. Qd4 Rc8 31. Rxc8+ Bxc8 32. b4 f6 33. Qxd5+
Qe6 34. Nf4 Qxd5 35. Nxd5 Bd7 1-0

[Event "XXXII Moglianoscacchi A"]
[Site "Mogliano Veneto ITA"]
[Date "2011.04.29"]
[Round "1"]
[White "Basso, Pier Luigi"]
[Black "Gromovs, Sergejs"]
[Result "0-1"]
[WhiteElo "1996"]
[BlackElo "2308"]
[PlyCount "42"]
[EventDate "2011.04.29"]

1. e4 d6 2. d4 Nf6 3. Nc3 g6 4. Be3 c6 5. f3 Nbd7 6. Qd2 b5 7. Bd3 Nb6 8. a4 b4
9. Nce2 a5 10. Ng3 h5 11. h4 Qc7 12. Qf2 Bg7 13. N1e2 O-O 14. O-O Ba6 15. b3
Nbd7 16. f4 Ng4 17. Qf3 c5 18. Bxa6 Rxa6 19. Rac1 cxd4 20. Nxd4 Qc3 21. Bf2
Bxd4 0-1

[Event "XXXII Moglianoscacchi A"]
[Site "Mogliano Veneto ITA"]
[Date "2011.04.29"]
[Round "1"]
[White "Boraso, Alessio"]
[Black "Gallo, Enrico"]
[Result "0-1"]
[WhiteElo "1880"]
[BlackElo "2104"]
[PlyCount "86"]
[EventDate "2011.04.29"]

1. d4 Nf6 2. c4 c5 3. d5 e6 4. Nc3 exd5 5. cxd5 d6 6. e4 g6 7. f4 Bg7 8. Nf3
O-O 9. Be2 Bg4 10. O-O Re8 11. h3 Bd7 12. e5 Nh5 13. Ne4 dxe5 14. Nfg5 Nxf4 15.
Bxf4 exf4 16. Rxf4 f5 17. Qb3 Qb6 18. Bc4 Bd4+ 19. Kh1 Qxb3 20. Bxb3 b5 21. Nd6
Re2 22. Rff1 c4 23. Bd1 Re5 24. Bf3 Bxb2 25. Rae1 Na6 26. Ngf7 Rxe1 27. Rxe1
Nc5 28. Re7 Bg7 29. Nb7 Bf8 30. Nh6+ Bxh6 31. Nxc5 Bf8 32. d6 Rc8 33. Bd5+ Kh8
34. Nxd7 Bxe7 35. dxe7 c3 36. Bb3 Re8 37. Nf6 Rxe7 38. Nd5 Re1+ 39. Kh2 Rc1 40.
Kg3 a5 41. a4 b4 42. Kf4 Rb1 43. Bc2 Rb2 0-1

[Event "XXXII Moglianoscacchi A"]
[Site "Mogliano Veneto ITA"]
[Date "2011.04.29"]
[Round "1"]
[White "Boscolo, Federico"]
[Black "Zamengo, Fulvio"]
[Result "0-1"]
[WhiteElo "2233"]
[BlackElo "1978"]
[PlyCount "112"]
[EventDate "2011.04.29"]

1. e4 e6 2. d4 d5 3. Nd2 Nf6 4. e5 Nfd7 5. Bd3 c5 6. c3 Nc6 7. Ne2 cxd4 8. cxd4
f6 9. Nf4 Qe7 10. Bg6+ Kd8 11. Bb1 fxe5 12. dxe5 Qf7 13. Nd3 Ndxe5 14. Nxe5
Nxe5 15. O-O Bd7 16. Re1 Bd6 17. Ne4 Bc7 18. Ng5 Qe7 19. Bf4 Nc6 20. Bxc7+ Kxc7
21. Nxe6+ Bxe6 22. Bf5 Qf6 23. Bxe6 d4 24. Qg4 Rad8 25. Qg3+ Rd6 26. Bd5 Kc8
27. Bxc6 bxc6 28. Qa3 Rd7 29. Qb3 d3 30. Re6 Rb7 31. Rxf6 Rxb3 32. axb3 gxf6
33. Rxa7 Re8 34. Ra1 Re2 35. Rb1 Rc2 36. Kf1 d2 37. Rd1 Rxb2 38. Ke2 Kc7 39.
Rxd2 Rxb3 40. f3 c5 41. Kf2 Kc6 42. g4 c4 43. Kg3 c3 44. Rd8 Kc5 45. Kf4 Kc4
46. Rc8+ Kd3 47. Kf5 c2 48. Rxc2 Kxc2 49. Kxf6 Rxf3+ 50. Kg5 Rf7 51. Kh6 Kd3
52. g5 Ke4 53. g6 hxg6 54. Kxg6 Rf4 55. Kg5 Rf5+ 56. Kh6 Kf4 0-1

[Event "XXXII Moglianoscacchi A"]
[Site "Mogliano Veneto ITA"]
[Date "2011.04.29"]
[Round "1"]
[White "Cecchetto, Vanni"]
[Black "Fiorido, Giuseppe"]
[Result "0-1"]
[WhiteElo "1911"]
[BlackElo "2139"]
[PlyCount "68"]
[EventDate "2011.04.29"]

1. d4 Nf6 2. Nf3 d5 3. e3 Bg4 4. Nbd2 Nbd7 5. h3 Bh5 6. g4 Bg6 7. Bg2 e6 8. b3
Bb4 9. O-O Ne4 10. Nxe4 Bxe4 11. Bb2 h5 12. gxh5 Rxh5 13. Nd2 Bg6 14. c3 Bd6
15. f4 Rh6 16. c4 c6 17. Nf3 Bf5 18. Kh2 g5 19. Ne5 Bxe5 20. fxe5 g4 21. Rxf5
exf5 22. cxd5 Qg5 23. dxc6 bxc6 24. d5 gxh3 25. Bf3 Qxe3 26. dxc6 Nxe5 27. Bxe5
Qxe5+ 28. Kh1 Rd8 29. Qf1 Rdd6 30. Rd1 Rxd1 31. Qxd1 Qg3 32. Qd7+ Kf8 33. Qd8+
Kg7 34. Qd4+ Kg6 0-1

[Event "XXXII Moglianoscacchi A"]
[Site "Mogliano Veneto ITA"]
[Date "2011.04.29"]
[Round "1"]
[White "De Napoli, Giuseppe"]
[Black "Klaric, Zlatko"]
[Result "0-1"]
[WhiteElo "2061"]
[BlackElo "2426"]
[PlyCount "61"]
[EventDate "2011.04.29"]

1. d4 d5 2. Bf4 Bf5 3. e3 e6 4. Nf3 Bd6 5. Ne5 f6 6. Nd3 Nd7 7. Nd2 e5 8. Bg3
h5 9. f4 exd4 10. exd4 Qe7+ 11. Qe2 h4 12. Bf2 Bxd3 13. Qxe7+ Nxe7 14. Bxd3
Bxf4 15. O-O-O f5 16. g3 Bxd2+ 17. Kxd2 Nf6 18. gxh4 Ne4+ 19. Bxe4 dxe4 20. c4
f4 21. Kc3 Nf5 22. Rdg1 e3 23. Be1 O-O-O 24. Rg4 Nxd4 25. Rxg7 Ne2+ 26. Kc2 f3
27. Rf7 f2 28. Bb4 Rxh4 29. Be7 Rxc4+ 30. Kb3 Rc1 31. Rxc1 0-1

[Event "XXXII Moglianoscacchi A"]
[Site "Mogliano Veneto ITA"]
[Date "2011.04.29"]
[Round "1"]
[White "Giuriato, Sergio"]
[Black "Boscolo, Marco"]
[Result "0-1"]
[WhiteElo "1945"]
[BlackElo "2175"]
[PlyCount "66"]
[EventDate "2011.04.29"]

1. d4 Nf6 2. c4 e5 3. dxe5 Ng4 4. Bf4 Bb4+ 5. Nc3 Nc6 6. Nf3 Qe7 7. Qd5 Bxc3+
8. bxc3 f6 9. exf6 Nxf6 10. Qd3 d6 11. g3 O-O 12. Rb1 Re8 13. Rb2 Qe4 14. Kd2
Na5 15. Kc1 Qxc4 16. Bd2 b6 17. Nd4 Bb7 18. Rg1 Be4 19. Qxc4+ Nxc4 20. Rb3 Bd5
21. Bg2 Bxg2 22. Rxg2 c5 23. Nb5 Rxe2 24. Bf4 Rxa2 25. Kb1 Re2 26. Na3 Nd2+ 27.
Bxd2 Rxd2 28. Rb2 Rxb2+ 29. Kxb2 d5 30. f4 a6 31. Rd2 Re8 32. Nc2 b5 33. Kb3 a5
0-1

[Event "XXXII Moglianoscacchi A"]
[Site "Mogliano Veneto ITA"]
[Date "2011.04.29"]
[Round "1"]
[White "Inkiov, Ventzislav V."]
[Black "Danieli, Enrico"]
[Result "1-0"]
[WhiteElo "2497"]
[BlackElo "2069"]
[PlyCount "81"]
[EventDate "2011.04.29"]

1. d4 d5 2. c4 e6 3. Nf3 Nf6 4. g3 c5 5. cxd5 exd5 6. Bg2 Nc6 7. O-O Be7 8. Nc3
O-O 9. b3 Bg4 10. dxc5 Bxc5 11. Bb2 Re8 12. Rc1 Bb6 13. Na4 Qe7 14. h3 Bf5 15.
e3 Bc7 16. Nd4 Nxd4 17. Bxd4 Ne4 18. Nc5 Bd6 19. Qh5 Bxc5 20. Bxc5 Qe6 21. Bd4
Bg6 22. Qh4 Rec8 23. Qf4 b6 24. g4 h6 25. Qe5 Qxe5 26. Bxe5 f6 27. Bb2 Kf7 28.
Rfd1 Ke6 29. f4 Bf7 30. Ba3 Rxc1 31. Rxc1 Kd7 32. Bf1 a6 33. Bb2 Nd6 34. Rd1 a5
35. Bc3 Rc8 36. Bd4 b5 37. Bd3 a4 38. bxa4 bxa4 39. Rb1 Nc4 40. Bf5+ Be6 41.
Rb7+ 1-0

[Event "XXXII Moglianoscacchi A"]
[Site "Mogliano Veneto ITA"]
[Date "2011.04.29"]
[Round "1"]
[White "Panican, Gheorghe"]
[Black "Santolini, Luigi"]
[Result "0-1"]
[WhiteElo "1971"]
[BlackElo "2208"]
[PlyCount "146"]
[EventDate "2011.04.29"]

1. e4 c6 2. d3 d5 3. Nd2 e5 4. Ngf3 Bd6 5. g3 Nf6 6. Bg2 O-O 7. O-O Nbd7 8. Nh4
Re8 9. Nf5 Bf8 10. Re1 Nc5 11. Ne3 d4 12. Nf5 g6 13. Nh4 a5 14. h3 a4 15. Rf1
b5 16. a3 Ne6 17. Ndf3 Nd7 18. Bd2 c5 19. Qe1 c4 20. Bb4 cxd3 21. cxd3 Nec5 22.
Rd1 Bb7 23. Qe2 Bh6 24. Nh2 Nb3 25. Ng4 Bg7 26. Nf3 Rc8 27. Ne1 f5 28. Nh2 Bh6
29. exf5 Bxg2 30. Kxg2 gxf5 31. Qf3 Nb6 32. Qxf5 Nd5 33. Ng4 Bg7 34. Bd2 Rc6
35. Bg5 Qd6 36. Kg1 b4 37. axb4 Nxb4 38. Bd2 Nd5 39. Qe4 Rb6 40. Qe2 Qg6 41.
Qf3 Qe6 42. Kg2 Nc5 43. Bc1 Nb4 44. Qe2 Qg6 45. f3 Ree6 46. Nf2 Rbc6 47. Ne4
Nb3 48. Bd2 Nd5 49. Kh2 Nxd2 50. Rxd2 Bh6 51. f4 exf4 52. Rg1 fxg3+ 53. Kh1
Bxd2 54. Qxd2 Rxe4 55. dxe4 Qxe4+ 56. Ng2 Ne3 57. Qa5 Nxg2 58. Qg5+ Kf7 59.
Rxg2 Qe1+ 60. Rg1 Qe4+ 61. Rg2 Rg6 62. Qc1 Kg7 63. Qc7+ Kh6 64. Qc1+ Kh5 65.
Qc7 h6 66. Qc1 Kh4 67. Qf1 Kxh3 68. Kg1 Qe3+ 69. Kh1 Kh4 70. Qb1 Re6 71. Qf5
Qe1+ 72. Rg1 g2+ 73. Kh2 Qg3# 0-1

[Event "XXXII Moglianoscacchi A"]
[Site "Mogliano Veneto ITA"]
[Date "2011.04.29"]
[Round "1"]
[White "Quaranta, Cristiano"]
[Black "Castellano, Alfonso"]
[Result "1-0"]
[WhiteElo "2130"]
[BlackElo "1909"]
[PlyCount "99"]
[EventDate "2011.04.29"]

1. d4 Nf6 2. c4 g6 3. Nc3 Bg7 4. e4 d6 5. Nge2 O-O 6. Ng3 e5 7. d5 a5 8. Be2
Na6 9. h4 h5 10. Bg5 Qe8 11. Nb5 Bd7 12. Qd2 Bxb5 13. cxb5 Nc5 14. f3 a4 15.
Rc1 Nfd7 16. Kf1 f5 17. exf5 gxf5 18. f4 Ne4 19. Nxe4 fxe4 20. Qd1 exf4 21.
Bxh5 Qe5 22. Rxc7 Qxb2 23. Qc1 Qxb5+ 24. Be2 Qb4 25. Rc4 Qb6 26. Bg4 Nc5 27. h5
Nd3 28. Be6+ Kh8 29. Qc2 Qe3 30. Qe2 Qb6 31. Qc2 f3 32. g4 Qb5 33. Rxe4 f2 34.
Bf4 Rac8 35. Bxc8 Nc1+ 36. Qc4 Qxc4+ 37. Rxc4 Nxa2 38. Bf5 b5 39. Rc2 Nc3 40.
Kxf2 a3 41. Bd2 Nxd5 42. Rb1 Bb2 43. Rcxb2 axb2 44. Rxb2 Rb8 45. Bd3 Nc7 46.
Kg3 Kg7 47. Bf4 Ne6 48. Bxd6 Rb6 49. Be5+ Kf7 50. Rxb5 1-0

[Event "XXXII Moglianoscacchi A"]
[Site "Mogliano Veneto ITA"]
[Date "2011.04.29"]
[Round "1"]
[White "Sorbera, Giovanni"]
[Black "Litrico, Paolo"]
[Result "1-0"]
[WhiteElo "2182"]
[BlackElo "1963"]
[PlyCount "82"]
[EventDate "2011.04.29"]

1. e4 e5 2. Nf3 Nc6 3. Bb5 a6 4. Ba4 Nf6 5. O-O Nxe4 6. Re1 Nc5 7. Bxc6 dxc6 8.
Nxe5 Be7 9. Qe2 Be6 10. d3 O-O 11. Be3 Nd7 12. Nc4 Nf6 13. Nbd2 Re8 14. Nb3 Bd5
15. h3 Qd7 16. Ne5 Qf5 17. f4 Bxb3 18. axb3 Nd5 19. g4 Qf6 20. Qf2 Nxe3 21.
Qxe3 h6 22. Ra4 Bd6 23. Re4 Red8 24. Kg2 Bf8 25. g5 Qd6 26. gxh6 Qxh6 27. Ng4
Qh4 28. f5 f6 29. Nf2 Qh5 30. Ng4 Qxf5 31. Rf1 Qg6 32. Kh1 Rd6 33. Ref4 Kh8 34.
Rg1 Qh5 35. Qg3 Qd5+ 36. Kh2 Qg5 37. Qf3 Qg6 38. Qf2 f5 39. Qh4+ Qh7 40. Qxh7+
Kxh7 41. Rxf5 Be7 1-0

[Event "XXXII Moglianoscacchi A"]
[Site "Mogliano Veneto ITA"]
[Date "2011.04.29"]
[Round "1"]
[White "Vianello, Enrico"]
[Black "Gigovski, Gjoko"]
[Result "0-1"]
[WhiteElo "2164"]
[BlackElo "1944"]
[PlyCount "70"]
[EventDate "2011.04.29"]

1. Nf3 d5 2. d4 Nf6 3. c4 c6 4. Qc2 g6 5. Bf4 Bf5 6. Qb3 Qb6 7. c5 Qxb3 8. axb3
Nbd7 9. Nc3 Bg7 10. h3 Ne4 11. e3 Nxc3 12. bxc3 Nxc5 13. Bh2 Ne4 14. c4 O-O 15.
g4 Be6 16. Bd3 Nc5 17. Be2 Nxb3 18. Ra3 dxc4 19. Ng5 b5 20. Nxe6 fxe6 21. Bd1
a5 22. Bxb3 b4 23. Bxc4 bxa3 24. Bxe6+ Kh8 25. O-O c5 26. dxc5 Rac8 27. Rc1 Bb2
28. Rc2 Rc6 29. Bd5 Rfc8 30. Rxb2 axb2 31. Be5+ Rf6 32. Bxb2 Rxc5 33. g5 Rxd5
34. gxf6 e5 35. f7 Rd1+ 0-1

[Event "XXXII Moglianoscacchi A"]
[Site "Mogliano Veneto ITA"]
[Date "2011.04.30"]
[Round "2"]
[White "Boscolo, Marco"]
[Black "Inkiov, Ventzislav V."]
[Result "0-1"]
[WhiteElo "2175"]
[BlackElo "2497"]
[PlyCount "82"]
[EventDate "2011.04.29"]

1. d4 Nf6 2. c4 e6 3. Nf3 Bb4+ 4. Bd2 Qe7 5. a3 Bxd2+ 6. Qxd2 O-O 7. Nc3 d6 8.
e4 e5 9. d5 c5 10. g3 b5 11. cxb5 a6 12. bxa6 Nxa6 13. Bg2 c4 14. O-O Nc5 15.
Qc2 Nb3 16. Rad1 Ba6 17. Rfe1 Qa7 18. a4 Qc5 19. Nb5 Bxb5 20. axb5 Qxb5 21. Nd2
Nd4 22. Qc3 Rfe8 23. Bf1 Rab8 24. Rb1 Qc5 25. h3 Rb4 26. Kg2 Nd7 27. Bxc4 Qb6
28. b3 Nc5 29. Bf1 Rb8 30. Bc4 g6 31. Re3 Rc8 32. Nf3 Na4 33. Qd3 Rcxc4 34.
bxa4 Nxf3 35. Qxc4 Nh4+ 36. gxh4 Rxb1 37. Qc8+ Kg7 38. Qd7 Qa6 39. Kf3 h5 40.
Rc3 Qf1 41. Qc8 Re1 0-1

[Event "XXXII Moglianoscacchi A"]
[Site "Mogliano Veneto ITA"]
[Date "2011.04.30"]
[Round "2"]
[White "Castellano, Alfonso"]
[Black "Basso, Pier Luigi"]
[Result "0-1"]
[WhiteElo "1909"]
[BlackElo "1996"]
[PlyCount "78"]
[EventDate "2011.04.29"]

1. c4 Nf6 2. Nc3 g6 3. g3 Bg7 4. Bg2 c6 5. e4 d6 6. Nge2 O-O 7. O-O Nbd7 8. d4
e5 9. b3 exd4 10. Nxd4 Re8 11. Bb2 Nc5 12. Re1 Ne6 13. Nc2 Ng4 14. Qd3 Ng5 15.
Ne3 Qf6 16. f4 Qd4 17. Rad1 Ne6 18. Qb1 Qc5 19. Na4 Qh5 20. Nxg4 Qxg4 21. Bxg7
Nxg7 22. Rxd6 Qh5 23. Qd1 Bg4 24. Qd2 Ne6 25. e5 Rad8 26. Nc3 Rxd6 27. exd6
Qc5+ 28. Kh1 Bf5 29. Na4 Qa3 30. Bf3 h5 31. Re5 Rd8 32. c5 f6 33. Re3 Nxc5 34.
b4 Qxa4 35. bxc5 Qc4 36. Kg2 Qxc5 37. d7 Rxd7 38. Re8+ Kf7 39. Qe2 Qc2 0-1

[Event "XXXII Moglianoscacchi A"]
[Site "Mogliano Veneto ITA"]
[Date "2011.04.30"]
[Round "2"]
[White "Cecchetto, Vanni"]
[Black "De Napoli, Giuseppe"]
[Result "0-1"]
[WhiteElo "1911"]
[BlackElo "2061"]
[PlyCount "56"]
[EventDate "2011.04.29"]

1. c4 e6 2. e4 d5 3. cxd5 exd5 4. e5 c5 5. Nf3 Nc6 6. Bb5 d4 7. O-O Nge7 8. d3
a6 9. Bc4 b5 10. Bxf7+ Kxf7 11. Ng5+ Kg6 12. h4 h5 13. Nd2 Qd5 14. Nde4 Nxe5
15. Bf4 N7c6 16. Bg3 Be7 17. f4 Ng4 18. f5+ Bxf5 19. Nh3 Qd7 20. Nf4+ Kh6 21.
Qf3 Nce5 22. Qe2 g6 23. Nh3 Rhf8 24. Bf4+ Kg7 25. Ng3 Bd6 26. Ne4 Rae8 27. Bg5
Nxd3 28. Qxd3 Bxe4 0-1

[Event "XXXII Moglianoscacchi A"]
[Site "Mogliano Veneto ITA"]
[Date "2011.04.30"]
[Round "2"]
[White "Danieli, Enrico"]
[Black "Giuriato, Sergio"]
[Result "1/2-1/2"]
[WhiteElo "2069"]
[BlackElo "1945"]
[PlyCount "44"]
[EventDate "2011.04.29"]

1. d4 Nf6 2. Nf3 d5 3. e3 Nbd7 4. Nbd2 g6 5. Be2 Bg7 6. O-O O-O 7. b3 c6 8. Bb2
a5 9. a3 a4 10. b4 b5 11. Ne5 Qc7 12. f4 Nb6 13. Qe1 Ne8 14. Bd3 f5 15. Qh4 Nd6
16. Ndf3 Bf6 17. Ng5 Bxg5 18. Qxg5 Nf7 19. Qh4 Be6 20. Rf3 Nxe5 21. dxe5 Rf7
22. h3 Nc4 1/2-1/2

[Event "XXXII Moglianoscacchi A"]
[Site "Mogliano Veneto ITA"]
[Date "2011.04.30"]
[Round "2"]
[White "Gallo, Enrico"]
[Black "Aleksic, Nenad"]
[Result "0-1"]
[WhiteElo "2104"]
[BlackElo "2355"]
[PlyCount "86"]
[EventDate "2011.04.29"]

1. e4 c5 2. Nf3 d6 3. d4 cxd4 4. Nxd4 Nf6 5. Nc3 a6 6. Bg5 e6 7. Qd2 h6 8. Be3
Nbd7 9. f3 b5 10. g3 Bb7 11. Bh3 Ne5 12. Qf2 Rc8 13. Rd1 Qc7 14. O-O Nc4 15.
Bc1 Qc5 16. Kh1 Be7 17. Qe2 O-O 18. Nb3 Qc7 19. Nd2 b4 20. Na4 Nxd2 21. Rxd2 d5
22. e5 Nd7 23. Re1 Bc6 24. b3 Bb5 25. Qe3 Bxa4 26. bxa4 Nb6 27. Bf1 Nc4 28.
Bxc4 Qxc4 29. Qb3 Qc6 30. Bb2 Rc7 31. Bd4 Rfc8 32. Kg2 a5 33. f4 Bc5 34. Ree2
Bxd4 35. Rxd4 Qa6 36. Rdd2 Rc3 37. Qb1 Qc6 38. Qd1 Qxa4 39. f5 exf5 40. Kh3
Qxa2 41. Rxd5 Rxc2 42. Rd8+ Rxd8 43. Qxd8+ Kh7 0-1

[Event "XXXII Moglianoscacchi A"]
[Site "Mogliano Veneto ITA"]
[Date "2011.04.30"]
[Round "2"]
[White "Gigovski, Gjoko"]
[Black "Sorbera, Giovanni"]
[Result "1/2-1/2"]
[WhiteElo "1944"]
[BlackElo "2182"]
[PlyCount "74"]
[EventDate "2011.04.29"]

1. d4 Nf6 2. Nf3 b6 3. g3 Bb7 4. Bg2 e6 5. O-O d6 6. c4 Be7 7. Nc3 Nbd7 8. b3
O-O 9. Re1 d5 10. Nd2 c5 11. e3 Rc8 12. Bb2 Qc7 13. cxd5 exd5 14. Rc1 Qb8 15.
Nf3 Ne4 16. Nxe4 dxe4 17. Nd2 f5 18. Qe2 cxd4 19. exd4 Nf6 20. Qb5 Nd5 21. Rxc8
Qxc8 22. Rc1 Qe6 23. a3 Bg5 24. Qe2 Qh6 25. Rc2 Qg6 26. f4 Bxf4 27. gxf4 Nxf4
28. Qf1 e3 29. Nc4 e2 30. Rxe2 Nxe2+ 31. Qxe2 f4 32. Ne5 Qb1+ 33. Qf1 Qxb2 34.
Qc4+ Kh8 35. Bxb7 Qb1+ 36. Kf2 Qf5 37. Qd3 Qf6 {...} 1/2-1/2

[Event "XXXII Moglianoscacchi A"]
[Site "Mogliano Veneto ITA"]
[Date "2011.04.30"]
[Round "2"]
[White "Gromovs, Sergejs"]
[Black "Quaranta, Cristiano"]
[Result "1/2-1/2"]
[WhiteElo "2308"]
[BlackElo "2130"]
[PlyCount "143"]
[EventDate "2011.04.29"]

1. d4 d5 2. c4 c6 3. e3 Nf6 4. Nc3 e6 5. Nf3 Nbd7 6. Qc2 b6 7. cxd5 cxd5 8. Bd3
Bb7 9. O-O Rc8 10. Ne5 Nxe5 11. dxe5 Nd7 12. f4 Nc5 13. Bb5+ Bc6 14. Bxc6+ Rxc6
15. Nb5 Qd7 16. Qe2 Be7 17. Nd4 Rc7 18. Bd2 g6 19. Bb4 O-O 20. g4 Ne4 21. Bxe7
Qxe7 22. Rf3 Qh4 23. Qg2 Rfc8 24. Raf1 Rc1 25. h3 Rxf1+ 26. Rxf1 Qg3 27. Qxg3
Nxg3 28. Rd1 Ne4 29. Kg2 Kf8 30. h4 Ke7 31. Kf3 Kd7 32. Rh1 Nd2+ 33. Ke2 Ne4
34. Rg1 Rg8 35. Rc1 h5 36. g5 Ng3+ 37. Kd3 Nf5 38. Nxf5 gxf5 39. Rg1 a6 40. Kc3
Rc8+ 41. Kb3 Rg8 42. Kb4 Kc6 43. Rc1+ Kb7 44. a4 Rd8 45. Rd1 Rc8 46. Kb3 Ka7
47. Rg1 Rg8 48. Kb4 Kb7 49. a5 Ka7 50. Ka4 Kb7 51. Rg2 Ka7 52. axb6+ Kxb6 53.
b4 Rg6 54. Rb2 Rg8 55. Rg2 Rg6 56. Kb3 Rg8 57. Rg1 Kb5 58. Rc1 Kb6 59. Ka4 Rd8
60. Rd1 Rc8 61. Kb3 Kb5 62. Ra1 Kb6 63. Rg1 Rg8 64. Ka4 Rg6 65. Rb1 Rg8 66. b5
axb5+ 67. Rxb5+ Kc6 68. Ra5 Rd8 69. Kb4 d4 70. Rc5+ Kb6 71. Rb5+ Kc6 72. Rc5+
1/2-1/2

[Event "XXXII Moglianoscacchi A"]
[Site "Mogliano Veneto ITA"]
[Date "2011.04.30"]
[Round "2"]
[White "Klaric, Zlatko"]
[Black "Fiorido, Giuseppe"]
[Result "1-0"]
[WhiteElo "2426"]
[BlackElo "2139"]
[PlyCount "21"]
[EventDate "2011.04.29"]

1. d4 Nf6 2. Nf3 d5 3. Bf4 e6 4. e3 Bd6 5. Ne5 Bxe5 6. dxe5 Nfd7 7. Qg4 Qe7 8.
Qxg7 Qb4+ 9. Nc3 Rf8 10. O-O-O c5 11. Nb5 1-0

[Event "XXXII Moglianoscacchi A"]
[Site "Mogliano Veneto ITA"]
[Date "2011.04.30"]
[Round "2"]
[White "Litrico, Paolo"]
[Black "Vianello, Enrico"]
[Result "0-1"]
[WhiteElo "1963"]
[BlackElo "2164"]
[PlyCount "152"]
[EventDate "2011.04.29"]

1. d4 d5 2. Bf4 c5 3. e3 Nc6 4. c3 Nf6 5. Nd2 Bf5 6. Qb3 Qd7 7. Ngf3 c4 8. Qa4
a6 9. h3 h6 10. b4 e6 11. Qd1 Nxb4 12. cxb4 Bxb4 13. Qc1 c3 14. Nb3 c2+ 15.
Nbd2 Qa4 16. a3 Bc3 17. Be2 O-O 18. O-O Bxa1 19. Qxa1 Rfc8 20. Rc1 b5 21. Qb2
Rab8 22. Bxb8 Rxb8 23. Qb4 a5 24. Qd6 Rf8 25. g4 Bh7 26. Ne1 b4 27. axb4 Qa3
28. Rxc2 Bxc2 29. Kg2 Ne4 30. Nxc2 Qc3 31. Nxe4 dxe4 32. Qc5 Rc8 33. Qxc3 Rxc3
34. bxa5 Rxc2 35. Bf1 Ra2 36. a6 Kf8 37. Bb5 Ke7 38. Bc4 Ra4 39. Bb5 Ra5 40.
Bc4 Kd6 41. Bf1 Kc6 42. Be2 Kd5 43. Bf1 Kd6 44. Kg3 e5 45. dxe5+ Kxe5 46. Bc4
f6 47. Bf1 g5 48. Be2 Kd5 49. Bf1 Kc5 50. Be2 Kb4 51. Bf1 Kc3 52. Be2 Kd2 53.
Bf1 Ke1 54. Bc4 Ra4 55. Bb5 Ra5 56. Bc4 Rc5 57. a7 Ra5 58. Bd5 Rxa7 59. Bxe4
Ra2 60. f4 Ke2 61. fxg5 hxg5 62. h4 Kxe3 63. Bf5 gxh4+ 64. Kxh4 Kf4 65. Kh5 Ke5
66. Kg6 Ra7 67. Bc8 Ra8 68. Bf5 Rg8+ 69. Kf7 Rb8 70. Kg6 Rb6 71. Kg7 Kf4 72.
Kg6 Rc6 73. Kf7 Kg5 74. Ke7 Rc5 75. Ke6 Re5+ 76. Kd6 Rxf5 0-1

[Event "XXXII Moglianoscacchi A"]
[Site "Mogliano Veneto ITA"]
[Date "2011.04.30"]
[Round "2"]
[White "Panican, Gheorghe"]
[Black "Boscolo, Federico"]
[Result "1-0"]
[WhiteElo "1971"]
[BlackElo "2233"]
[PlyCount "83"]
[EventDate "2011.04.29"]

1. e4 c5 2. Nf3 d6 3. d4 cxd4 4. Nxd4 Nf6 5. Nc3 g6 6. Be3 Bg7 7. Be2 O-O 8.
O-O Nc6 9. Nb3 a6 10. f4 b5 11. Bf3 Bb7 12. a3 Na5 13. Nxa5 Qxa5 14. Qd2 Rab8
15. Rfd1 Rfc8 16. Qd3 Nd7 17. Bd2 Qc7 18. Rdc1 Nb6 19. Nd1 Nc4 20. Bc3 Bxc3 21.
Qxc3 Qb6+ 22. Kh1 Ne5 23. Qe3 Qxe3 24. Nxe3 Nxf3 25. gxf3 Rc5 26. Kg2 Rbc8 27.
c3 d5 28. exd5 Rxd5 29. Nxd5 Bxd5 30. Rd1 e6 31. Rd4 Bb3 32. Re1 a5 33. Kg3 Rc5
34. Re5 Bd5 35. a4 f6 36. Re3 bxa4 37. Rxa4 Bb3 38. Rd4 a4 39. Red3 e5 40. Rd7
Rb5 41. Ra7 Rb8 42. Rdd7 1-0

[Event "XXXII Moglianoscacchi A"]
[Site "Mogliano Veneto ITA"]
[Date "2011.04.30"]
[Round "2"]
[White "Pozzi, Massimo"]
[Black "Boraso, Alessio"]
[Result "0-1"]
[WhiteElo "2035"]
[BlackElo "1880"]
[PlyCount "92"]
[EventDate "2011.04.29"]

1. d4 Nf6 2. Bf4 d6 3. e3 g6 4. Nf3 Bg7 5. Be2 O-O 6. O-O Nbd7 7. h3 Qe8 8. c4
e5 9. Bh2 Qe7 10. Nc3 c6 11. Qc2 Ne8 12. b4 f5 13. c5 dxc5 14. dxc5 e4 15. Nd2
Ne5 16. Nc4 Nxc4 17. Bxc4+ Be6 18. Be2 Qf6 19. Rfc1 Rd8 20. a4 Rf7 21. Ra3 Rfd7
22. Rd1 Qf7 23. Kf1 g5 24. Ke1 Bc4 25. Rxd7 Rxd7 26. Nb1 Bd5 27. Nd2 Kh8 28.
Nc4 f4 29. Nd2 Re7 30. Bc4 Nc7 31. Be2 Qf6 32. Nc4 Na6 33. Qd2 Qe6 34. Nd6 Qf6
35. Nc4 f3 36. gxf3 exf3 37. Bd3 Qe6 38. Nd6 Qxh3 39. Bg3 Qh1+ 40. Bf1 Re6 41.
Nf5 Re4 42. Rb3 Bxb3 43. Qd8+ Bg8 44. Nxg7 Rxb4 45. Qd3 Nxc5 46. Qc2 Bc4 0-1

[Event "XXXII Moglianoscacchi A"]
[Site "Mogliano Veneto ITA"]
[Date "2011.04.30"]
[Round "2"]
[White "Santolini, Luigi"]
[Black "Zamengo, Fulvio"]
[Result "0-1"]
[WhiteElo "2208"]
[BlackElo "1978"]
[PlyCount "126"]
[EventDate "2011.04.29"]

1. d4 Nf6 2. c4 c5 3. d5 b5 4. cxb5 a6 5. b6 d6 6. Nc3 Nbd7 7. e4 g6 8. Nf3 Bg7
9. a4 Qxb6 10. Nd2 Rb8 11. a5 Qc7 12. Nc4 O-O 13. Be2 Ne5 14. Nxe5 dxe5 15. Qc2
e6 16. dxe6 Bxe6 17. Bxa6 Ra8 18. Qe2 Ne8 19. Bd2 Nd6 20. Nb5 Nxb5 21. Bxb5
Rfb8 22. Rc1 Rxa5 23. Bc4 Rxb2 24. Bxe6 fxe6 25. Qc4 Raa2 26. Be3 Qa5+ 27. Kf1
Qb5 28. g4 Qxc4+ 29. Rxc4 Bf8 30. Kg2 Rc2 31. Rc1 Rxc4 32. Rxc4 Ra5 33. Kf3 Kf7
34. Ke2 Ke8 35. Kd3 Kd7 36. Rc1 Kc6 37. Rb1 Ra3+ 38. Kc4 Bd6 39. Rb2 Ra4+ 40.
Kd3 c4+ 41. Kc3 Bc5 42. Bxc5 Kxc5 43. Rb7 Ra3+ 44. Kd2 h5 45. gxh5 gxh5 46. Rh7
Rh3 47. Rh6 Kd4 48. Rxe6 Rxh2 49. Rf6 Kxe4 50. Kc3 Kd5 51. Rf8 Rh3+ 52. Kc2 Ke4
53. Rh8 h4 54. Rc8 c3 55. Rf8 Rf3 56. Rh8 h3 57. Rh4+ Kf5 58. Rh8 Rxf2+ 59.
Kxc3 Kf4 60. Rf8+ Kg3 61. Rg8+ Kf3 62. Rf8+ Kg2 63. Rg8+ Kf1 0-1

[Event "XXXII Moglianoscacchi A"]
[Site "Mogliano Veneto ITA"]
[Date "2011.04.30"]
[Round "3"]
[White "Basso, Pier Luigi"]
[Black "Boscolo, Marco"]
[Result "1/2-1/2"]
[WhiteElo "1996"]
[BlackElo "2175"]
[PlyCount "74"]
[EventDate "2011.04.29"]

1. e4 c6 2. d4 d5 3. f3 e6 4. Nc3 Bb4 5. e5 c5 6. a3 Ba5 7. b4 cxd4 8. Nb5 Bc7
9. f4 Ne7 10. Nf3 Nbc6 11. Nbxd4 Nxd4 12. Nxd4 Bb6 13. c3 O-O 14. Bd3 f6 15.
Qg4 Nf5 16. Bb2 fxe5 17. fxe5 Qc7 18. Qe2 Bd7 19. O-O Rae8 20. g4 Nxd4 21. cxd4
Qd8 22. Rxf8+ Rxf8 23. Rf1 Rxf1+ 24. Kxf1 Qg5 25. h3 Qe7 26. Qf2 Qe8 27. Qe2 a5
28. Bc3 axb4 29. axb4 Qe7 30. Qf2 Qe8 31. Qe2 Bd8 32. Kg2 Bg5 33. Qc2 g6 34.
Bd2 Bd8 35. Qc5 Be7 36. Qc7 b5 37. Be2 Kf7 1/2-1/2

[Event "XXXII Moglianoscacchi A"]
[Site "Mogliano Veneto ITA"]
[Date "2011.04.30"]
[Round "3"]
[White "Boraso, Alessio"]
[Black "Danieli, Enrico"]
[Result "0-1"]
[WhiteElo "1880"]
[BlackElo "2069"]
[PlyCount "84"]
[EventDate "2011.04.29"]

1. d4 Nf6 2. c4 e6 3. Nc3 d5 4. Bg5 Be7 5. e3 O-O 6. Nf3 h6 7. Bh4 Ne4 8. Bxe7
Qxe7 9. Nxe4 dxe4 10. Nd2 f5 11. Be2 e5 12. dxe5 Qxe5 13. Qc2 Nc6 14. a3 b6 15.
Rc1 Bb7 16. Qc3 Rad8 17. Nb3 f4 18. Qxe5 Nxe5 19. exf4 Nd3+ 20. Bxd3 Rxd3 21.
Rc3 Rxc3 22. bxc3 Rxf4 23. Nd4 c5 24. Nc2 Rf6 25. Ke2 Rd6 26. Rd1 Rd3 27. Rxd3
exd3+ 28. Kxd3 Bxg2 29. Ne3 Bc6 30. Nf5 Bd7 31. Ke4 Kf7 32. Nd6+ Kf6 33. Nb5
Bc6+ 34. Ke3 Bxb5 35. cxb5 Ke5 36. c4 g5 37. h3 h5 38. a4 Kf5 39. Kf3 Ke5 40.
Ke3 g4 41. hxg4 hxg4 42. Ke2 Kd4 0-1